Spoločensky nežiaduca stránka dobývania renty

Stručné historické východiska problematiky z pohľadu Platóna a Aristotela. Rent-seeking. Negatívna stránka fenoménu vyhľadávania renty.

Guardado en:
Detalles Bibliográficos
Autor principal: Vongrej, Marián
Formato: Capítulo de libro
Lenguaje:eslovaco
Materias:
Etiquetas: Agregar Etiqueta
Sin Etiquetas, Sea el primero en etiquetar este registro!

MARC

LEADER 00000naa a2200000 4500
001 0150113
005 20240502072712.0
041 0 |a slo 
044 |a SK 
245 1 0 |a Spoločensky nežiaduca stránka dobývania renty  |c Marián Vongrej 
520 |a Stručné historické východiska problematiky z pohľadu Platóna a Aristotela. Rent-seeking. Negatívna stránka fenoménu vyhľadávania renty. 
610 2 0 |a renta 
610 2 0 |a história 
610 2 0 |a vlastníctvo súkromné 
610 2 0 |a prostredie podnikateľské 
610 2 0 |a dotácie 
610 2 0 |a subvencie 
610 2 0 |a regulácia hospodárska 
100 1 |a Vongrej, Marián